| 000 | 00752nam a22002417a 4500 | ||
|---|---|---|---|
| 001 | 15824 | ||
| 003 | BD-RjUL | ||
| 005 | 20211208235907.0 | ||
| 008 | 161003s20051997ii ||||| |||| 00| 0 eng d | ||
| 020 | _a8120311809 | ||
| 035 | _a(BD-RjUL)15879 | ||
| 040 |
_aBD-RjUL _beng _cBD-RjUL _dBD-RjUL |
||
| 041 | _aeng | ||
| 082 |
_a658.4038 _bSAM 2005 |
||
| 100 |
_aSadagopan, S _949076 |
||
| 245 |
_aManagement information systems / _cS Sadagopan |
||
| 260 |
_a New Delhi : _bPrentice-Hall of India, _cc1997 [Printing 2005] |
||
| 300 |
_axiii, 217 p. : _b ill. ; _c 24 cm. |
||
| 650 |
_2 _aManagement information systems. _9118870 |
||
| 650 |
_aManagement information systems _xManagement. _9159172 |
||
| 942 |
_2ddc _cBK |
||
| 999 |
_c15824 _d15824 |
||